| 000 | 01819nam a2200505 i 4500 | ||
|---|---|---|---|
| 001 | 34396 | ||
| 003 | KOSZ 005 | ||
| 005 | 20220104150531.0 | ||
| 008 | 980627s1998 pl a |001 0 pol | ||
| 015 | _aUWD 1998/8420 | ||
| 020 | _a8320612365 | ||
| 035 | _a991003750869705066 | ||
| 035 | _a(PL-WaBN)b11001288-48omnis_nlop | ||
| 035 | _ab11001288 | ||
| 035 | _a(OCoLC)749474143 | ||
| 035 | _a(PL)b0000001100128 | ||
| 035 | _a(EXLNZ-48OMNIS_NETWORK)9910238378205606 | ||
| 040 |
_aWA N _cWA N _dKOSZ 005/HR |
||
| 046 | _k1998 | ||
| 080 | _a621.372 | ||
| 080 | _a(07) | ||
| 100 | 1 |
_aMarciniak, Marian _c(optoelektronika) |
|
| 245 | 1 | 0 |
_aŁączność światłowodowa / _cMarian Marciniak. |
| 260 |
_aWarszawa : _bWydawnictwa Komunikacji i Łączności, _c1998. |
||
| 300 |
_a220 s. : _brys., wykr. ; _c24 cm. |
||
| 336 |
_aTekst _btxt _2rdacontent |
||
| 337 |
_aBez urządzenia pośredniczącego _bn _2rdamedia |
||
| 338 |
_aWolumin _bnc _2rdacarrier |
||
| 380 | _aKsiążki | ||
| 380 | _aPublikacje fachowe | ||
| 380 | _aPublikacje dydaktyczne | ||
| 385 |
_mPoziom nauczania _aSzkoły wyższe |
||
| 388 | _a1901-2000 | ||
| 388 | _a1989-2000 | ||
| 504 | _aBibliogr. przy rozdz. - Indeks. | ||
| 521 | _aDla studentów wydz. telekomunikacji wyższych uczelni technicznych, projektantów i eksploatatorów światłowodowych systemów telekomunikacyjnych oraz dla osób zainteresowanych tym problemem. | ||
| 650 | 7 |
_aŚwiatłowody _2DBN |
|
| 650 | 7 | _aTelekomunikacja | |
| 655 | 7 |
_aPodręcznik _2DBN |
|
| 658 | _aInżynieria i technika | ||
| 710 | 2 |
_aWydawnictwa Komunikacji i Łączności _4pbl |
|
| 856 |
_uhttp://koha.tu.koszalin.pl/cgi-bin/koha/opac-detail.pl?biblionumber=34396 _yKatalog online BPK |
||
| 942 |
_2UKD _cKS |
||
| 999 |
_c34396 _d34396 |
||